Effects of blanching temperature and drying methods on piper nigrum quality in kampot pepper promotion association, kampongtrach district, kampot province; ឥទ្ធិពលនៃសីតុណ្ហភាពស្រុស និងវិធីសាស្ត្រសម្ងួតទៅលើគុណភាពម្រេចខ្មៅនៅសមាគមលើកកម្ពស់ម្រេចកំពត នៅស្រុកកំពង់ត្រាច ខេត្តកំពត (Record no. 9301)

000 -LEADER
fixed length control field 00806nam a22001337a 4500
040 ## - CATALOGING SOURCE
Transcribing agency RUA
082 ## - DEWEY DECIMAL CLASSIFICATION NUMBER
Classification number AGE MEY 2015 B509 Or.
100 ## - MAIN ENTRY--AUTHOR NAME
Personal name MEY PHEARA; មីុ ភារ៉ា
245 ## - TITLE STATEMENT
Title Effects of blanching temperature and drying methods on piper nigrum quality in kampot pepper promotion association, kampongtrach district, kampot province; ឥទ្ធិពលនៃសីតុណ្ហភាពស្រុស និងវិធីសាស្ត្រសម្ងួតទៅលើគុណភាពម្រេចខ្មៅនៅសមាគមលើកកម្ពស់ម្រេចកំពត នៅស្រុកកំពង់ត្រាច ខេត្តកំពត
260 ## - PUBLICATION, DISTRIBUTION, ETC. (IMPRINT)
Place of publication RUA
Name of publisher Phnom Penh
Year of publication 2015
300 ## - PHYSICAL DESCRIPTION
Number of Pages x; 49p.
Other physical details ill.
Dimensions 29cm.
856 ## - ELECTRONIC LOCATION AND ACCESS
Uniform Resource Identifier MEY PHEARA
942 ## - ADDED ENTRY ELEMENTS (KOHA)
Koha item type AGE
952 ## - LOCATION AND ITEM INFORMATION (KOHA)
Withdrawn status [LOCAL, KOHA] 0
952 ## - LOCATION AND ITEM INFORMATION (KOHA)
Withdrawn status [LOCAL, KOHA] 0
952 ## - LOCATION AND ITEM INFORMATION (KOHA)
Withdrawn status [LOCAL, KOHA] 0
952 ## - LOCATION AND ITEM INFORMATION (KOHA)
Withdrawn status [LOCAL, KOHA] 0
952 ## - LOCATION AND ITEM INFORMATION (KOHA)
Withdrawn status [LOCAL, KOHA] 0
952 ## - LOCATION AND ITEM INFORMATION (KOHA)
Withdrawn status [LOCAL, KOHA] 0
Holdings
Koha item type Barcode Lost status Permanent Location Current Location Date acquired Full call number
AGERUA058979 Library Block BLibrary Block B2016-08-30AGE MEY 2015 B515 Or.1
AGERUA057061 Library Block BLibrary Block B2016-08-30AGE MEY 2015 B515 Or.2
AGERUA062606 Library Block BLibrary Block B2016-08-30AGE MEY 2015 B515 Or.3
AGERUA062517 Library Block BLibrary Block B2016-08-30AGE MEY 2015 B515 Or.4
AGERUA057338 Library Block BLibrary Block B2016-08-30AGE MEY 2015 B515 Or.5
AGERUA062205 Library Block BLibrary Block B2016-08-30AGE MEY 2015 B515 Or.6
មជ្ឈមណ្ឌលឯការនៃសាកលវិទ្យាល័យភូមិន្ទកសិកម្មចំការដូង

Powered by Koha